[Event "Germain Laplante op"]
[Site "Chambly CAN"]
[Date "2023.04.29"]
[Round "2.9"]
[White "Di Matteo, Alessio"]
[Black "Avarian, Sevag"]
[Result "1-0"]
[WhiteElo "2004"]
[BlackElo "1920"]
[PlyCount "129"]
[EventDate "2023.04.28"]
[EventType "swiss"]
[EventRounds "5"]
[EventCountry "CAN"]

1. d4 Nf6 2. c4 c5 3. d5 b5 4. cxb5 a6 5. bxa6 g6 6. Nc3 Bxa6 7. Nf3 d6 8. g3
Bg7 9. Bg2 O-O 10. Rb1 Qa5 11. O-O Nbd7 12. Qc2 Nb6 13. Bd2 Nc4 14. Rfc1 Rfb8
15. Be1 Nd7 16. a4 Qb6 17. Nb5 Bxb5 18. axb5 Nce5 19. Nxe5 Nxe5 20. h3 Qxb5 21.
b4 cxb4 22. Rxb4 Qa6 23. Rxb8+ Rxb8 24. Qc7 Qb7 25. Bd2 h6 26. Be3 Kh7 27. f4
Nd7 28. Be4 f5 29. Bf3 Qb3 30. Kf2 Rb7 31. Qc6 Bf6 32. h4 h5 33. Qc8 Qb5 34.
Rc6 Nc5 35. Qe8 Rb8 36. Qf7+ Kh6 37. Rxd6 exd6 38. Qxf6 Qd7 39. g4 hxg4 40. h5
Qg7 41. Qxd6 gxf3 42. Qxb8 Ne4+ 43. Kxf3 gxh5 44. Qb6+ Kh7 45. Qa7 Qxa7 46.
Bxa7 Kg6 47. Bd4 Kf7 48. Be5 h4 49. Kg2 Ke7 50. Kh3 Nf2+ 51. Kxh4 Ng4 52. Kg5
Ne3 53. Kg6 Nxd5 54. Kxf5 Kf7 55. Ke4 Ne7 56. f5 Ng8 57. Kf4 Ne7 58. e4 Ng8 59.
Bd4 Ne7 60. e5 Nc6 61. e6+ Ke8 62. Bc5 Nd8 63. Ke5 Nc6+ 64. Kd5 Nd8 65. f6 1-0

[Event "Germain Laplante op"]
[Site "Chambly CAN"]
[Date "2023.04.29"]
[Round "2.10"]
[White "Tsukerman, Julia"]
[Black "Jiang, Barron Jiyu"]
[Result "1-0"]
[WhiteElo "1970"]
[BlackElo "1883"]
[PlyCount "37"]
[EventDate "2023.04.28"]
[EventType "swiss"]
[EventRounds "5"]
[EventCountry "CAN"]

1. e4 c5 2. Nf3 d6 3. d4 cxd4 4. Nxd4 Nf6 5. Nc3 a6 6. g3 b5 7. Bg2 Bb7 8. O-O
e6 9. Re1 Nbd7 10. e5 Bxg2 11. exf6 Bb7 12. fxg7 Bxg7 13. Nf5 O-O 14. Nxg7 Kxg7
15. Qxd6 Nf6 16. Qe5 Qb8 17. Qg5+ Kh8 18. Qxf6+ Kg8 19. Bh6 1-0

[Event "Germain Laplante op"]
[Site "Chambly CAN"]
[Date "2023.04.29"]
[Round "2.11"]
[White "Deboosere, Adam"]
[Black "Turcotte, Jonathan"]
[Result "0-1"]
[WhiteElo "1897"]
[BlackElo "1963"]
[PlyCount "45"]
[EventDate "2023.04.28"]
[EventType "swiss"]
[EventRounds "5"]
[EventCountry "CAN"]

1. d4 Nf6 2. Nf3 d5 3. c4 e6 4. g3 Bb4+ 5. Bd2 a5 6. Nc3 O-O 7. a3 Be7 8. Bg2
c6 9. c5 Nbd7 10. b4 Ne4 11. O-O Bf6 12. Na4 Nxd2 13. Qxd2 axb4 14. axb4 e5 15.
Nc3 Rxa1 16. Rxa1 exd4 17. Nxd4 Qc7 18. f4 b6 19. b5 Nxc5 20. Nxc6 Nb3 21. Qb2
Nxa1 22. Qxa1 Qd6 23. Qe1 0-1

[Event "Germain Laplante op"]
[Site "Chambly CAN"]
[Date "2023.04.29"]
[Round "3.3"]
[White "Adam, Rafael"]
[Black "Zheng, Richard"]
[Result "0-1"]
[WhiteElo "2169"]
[BlackElo "2223"]
[PlyCount "116"]
[EventDate "2023.04.28"]
[EventType "swiss"]
[EventRounds "5"]
[EventCountry "CAN"]

1. Nf3 Nf6 2. g3 d5 3. Bg2 c6 4. O-O Bg4 5. d3 Nbd7 6. Nbd2 e5 7. e4 dxe4 8.
dxe4 Qc7 9. Qe1 Bc5 10. a4 h6 11. Nc4 O-O 12. b4 Be6 13. Nb2 Be7 14. a5 c5 15.
b5 c4 16. Na4 Rfc8 17. Bb2 c3 18. Qxc3 Qxc3 19. Nxc3 Bb4 20. Nd5 Rxc2 21. Nxb4
Rxb2 22. Rab1 Rxb1 23. Rxb1 Bc4 24. Rc1 Bxb5 25. Nxe5 Nxe5 26. Rc5 Rd8 27. Rxb5
Rd1+ 28. Bf1 Nf3+ 29. Kg2 Ne1+ 30. Kg1 Nxe4 31. Rd5 Rxd5 32. Nxd5 Nf3+ 33. Kg2
Nfd2 34. a6 bxa6 35. Bxa6 Nc5 36. Bb5 a5 37. Nc3 Kf8 38. f3 Ndb3 39. Kf2 Nd4
40. Bc4 Nd7 41. Ba2 Ne5 42. Bd5 Ke7 43. Ke3 Nc2+ 44. Ke4 Nd7 45. Bc4 f6 46. Bb5
Ke6 47. Na4 Kd6 48. Bd3 Nb4 49. Bb5 Nc5+ 50. Kf5 Nxa4 51. Bxa4 Ke7 52. Kg6 Kf8
53. Kf5 Nd3 54. Bb3 Nc5 55. Ba2 a4 56. Kf4 Nd3+ 57. Ke3 Nc1 58. Bc4 a3 0-1

[Event "Germain Laplante op"]
[Site "Chambly CAN"]
[Date "2023.04.29"]
[Round "3.4"]
[White "Singher, Jean-Pierre"]
[Black "Guillemette, Hugo"]
[Result "1-0"]
[WhiteElo "2022"]
[BlackElo "2082"]
[PlyCount "47"]
[EventDate "2023.04.28"]
[EventType "swiss"]
[EventRounds "5"]
[EventCountry "CAN"]

1. d4 Nf6 2. Nf3 e6 3. a3 d5 4. e3 c5 5. c4 cxd4 6. exd4 Nc6 7. Nc3 Be7 8. Bd3
dxc4 9. Bxc4 O-O 10. O-O a6 11. Re1 b5 12. Bd3 Bb7 13. Bg5 h6 14. Bh4 Rc8 15.
Bc2 b4 16. Qd3 g6 17. Na4 bxa3 18. bxa3 Nd5 19. Bg3 Ncb4 20. axb4 Nxb4 21. Qd2
Nxc2 22. Qxh6 Nxa1 23. Be5 Bf6 24. Ng5 1-0

[Event "Germain Laplante op"]
[Site "Chambly CAN"]
[Date "2023.04.29"]
[Round "3.6"]
[White "Turcotte, Jonathan"]
[Black "Mok, Yuen Tak"]
[Result "1-0"]
[WhiteElo "1963"]
[BlackElo "2039"]
[PlyCount "59"]
[EventDate "2023.04.28"]
[EventType "swiss"]
[EventRounds "5"]
[EventCountry "CAN"]

1. d4 d5 2. c4 c6 3. Nf3 Nf6 4. Nc3 e6 5. Bg5 dxc4 6. e4 b5 7. e5 h6 8. Bh4 g5
9. Nxg5 hxg5 10. Bxg5 Nbd7 11. g3 Bb7 12. Bg2 Qb6 13. exf6 O-O-O 14. O-O c5 15.
dxc5 Nxc5 16. Qe2 Bxg2 17. Kxg2 Qc6+ 18. f3 Nd3 19. a4 b4 20. Ne4 Bc5 21. Rfd1
Bd4 22. Rab1 b3 23. Nd2 Bxb2 24. Nxb3 Qd5 25. Nc1 Bxc1 26. Bxc1 Qh5 27. h4 Rd5
28. Qe4 Ne5 29. Rxd5 exd5 30. Qxd5 1-0

[Event "Germain Laplante op"]
[Site "Chambly CAN"]
[Date "2023.04.29"]
[Round "3.7"]
[White "Bain-Thouvarez, Aurelien"]
[Black "Di Matteo, Alessio"]
[Result "1-0"]
[WhiteElo "1769"]
[BlackElo "2004"]
[PlyCount "45"]
[EventDate "2023.04.28"]
[EventType "swiss"]
[EventRounds "5"]
[EventCountry "CAN"]

1. c4 Nf6 2. Nf3 g6 3. g3 Bg7 4. Bg2 c5 5. O-O Nc6 6. Nc3 O-O 7. e3 e6 8. d4
cxd4 9. exd4 d5 10. b3 dxc4 11. bxc4 Qa5 12. Bd2 Qd8 13. Qe2 Nxd4 14. Nxd4 Qxd4
15. Nb5 Qd8 16. Bb4 Re8 17. Rad1 Qb6 18. Rd6 Rd8 19. Rfd1 Rxd6 20. Rxd6 Bf8 21.
c5 Bxd6 22. cxb6 Bxb4 23. Nc7 1-0

[Event "Germain Laplante op"]
[Site "Chambly CAN"]
[Date "2023.04.29"]
[Round "3.8"]
[White "Marcone, Malcom"]
[Black "Tsukerman, Julia"]
[Result "1/2-1/2"]
[WhiteElo "1976"]
[BlackElo "1970"]
[PlyCount "47"]
[EventDate "2023.04.28"]
[EventType "swiss"]
[EventRounds "5"]
[EventCountry "CAN"]

1. d4 d5 2. Nf3 Nf6 3. c4 e6 4. g3 Be7 5. Bg2 O-O 6. O-O dxc4 7. Ne5 Nc6 8.
Bxc6 bxc6 9. Nxc6 Qe8 10. Nxe7+ Qxe7 11. Qa4 e5 12. dxe5 Qxe5 13. Nc3 Be6 14.
Bf4 Qc5 15. Qb5 Qb6 16. Be3 Qxb5 17. Nxb5 Nd5 18. Bc5 Rfb8 19. a4 a6 20. e4
axb5 21. exd5 Bxd5 22. axb5 Rxa1 23. Rxa1 Rxb5 24. Bd4 1/2-1/2

[Event "Germain Laplante op"]
[Site "Chambly CAN"]
[Date "2023.04.29"]
[Round "3.9"]
[White "Rauch, Frank"]
[Black "Chapdelaine, Gwyn"]
[Result "0-1"]
[WhiteElo "1961"]
[BlackElo "1981"]
[PlyCount "77"]
[EventDate "2023.04.28"]
[EventType "swiss"]
[EventRounds "5"]
[EventCountry "CAN"]

1. d4 Nf6 2. c4 e6 3. Nf3 b6 4. a3 a5 5. Nc3 Bb7 6. e3 d5 7. cxd5 exd5 8. Bd3
Nbd7 9. O-O Be7 10. b3 O-O 11. Bb2 Re8 12. Rc1 c6 13. Qc2 Rc8 14. Ne5 Bd6 15.
f4 h6 16. Qe2 Nf8 17. g4 N6h7 18. Rf2 Qe7 19. Re1 Bxa3 20. Ba1 Bd6 21. Rg2 f6
22. Ng6 Qf7 23. f5 Qd7 24. h4 c5 25. Nb5 Bc6 26. e4 Nxg6 27. fxg6 Nf8 28. Nxd6
Qxd6 29. e5 fxe5 30. dxe5 Qe7 31. g5 Ne6 32. Rf1 Rf8 33. Bf5 d4 34. Rh2 Rce8
35. Qh5 Nf4 36. Rxf4 Qxe5 37. Qg4 Qe1+ 38. Rf1 Rxf5 39. Rxe1 0-1

[Event "Germain Laplante op"]
[Site "Chambly CAN"]
[Date "2023.04.29"]
[Round "3.10"]
[White "Gauthier, Denis"]
[Black "Avarian, Sevag"]
[Result "0-1"]
[WhiteElo "1835"]
[BlackElo "1920"]
[PlyCount "60"]
[EventDate "2023.04.28"]
[EventType "swiss"]
[EventRounds "5"]
[EventCountry "CAN"]

1. d4 Nf6 2. c4 c5 3. d5 b5 4. cxb5 a6 5. f3 e6 6. e4 exd5 7. exd5 Bd6 8. Bg5
O-O 9. Bc4 Be5 10. Qd2 axb5 11. Bxb5 Qb6 12. a4 Bb7 13. Nc3 Re8 14. Nge2 Bxc3
15. bxc3 Qxb5 16. axb5 Rxa1+ 17. Kf2 Rxh1 18. c4 d6 19. Bf4 Ra1 20. Bxd6 Nbd7
21. Nc3 Ne5 22. Bxe5 Rxe5 23. Qb2 Ree1 24. g4 Kf8 25. Qd2 Nd7 26. Ne4 Rf1+ 27.
Kg3 Rg1+ 28. Kh3 Ne5 29. Qf4 f6 30. g5 Bc8+ 0-1

[Event "Germain Laplante op"]
[Site "Chambly CAN"]
[Date "2023.04.29"]
[Round "3.11"]
[White "Jiang, Barron Jiyu"]
[Black "Deboosere, Adam"]
[Result "0-1"]
[WhiteElo "1883"]
[BlackElo "1897"]
[PlyCount "92"]
[EventDate "2023.04.28"]
[EventType "swiss"]
[EventRounds "5"]
[EventCountry "CAN"]

1. e4 c6 2. d4 d5 3. exd5 cxd5 4. Bd3 Nc6 5. Nf3 Nf6 6. c3 g6 7. Bf4 Bf5 8. O-O
Bg7 9. Bxf5 gxf5 10. Qd3 e6 11. Re1 Ne7 12. Ne5 Qb6 13. Na3 a6 14. c4 Ng6 15.
Be3 dxc4 16. Naxc4 Qd8 17. Qa3 Bf8 18. Qb3 b5 19. Nxg6 hxg6 20. Ne5 Nd5 21. a4
f4 22. Bd2 Bd6 23. axb5 Bxe5 24. Rxe5 axb5 25. Qxb5+ Kf8 26. Rxa8 Qxa8 27. Re1
Qd8 28. h3 f3 29. Qd3 fxg2 30. Kxg2 Kg8 31. Re4 Qa8 32. Qf3 Rh5 33. Re5 Rh4 34.
Be3 Qb7 35. Kg3 Rh7 36. Qe2 Qe7 37. Kh2 Qc7 38. Kg2 Qc6 39. f3 Rh4 40. Kg3 Rh7
41. Qd3 Qb6 42. b3 Qc7 43. Qc4 Qd8 44. Kh2 Qh4 45. Qf1 Nxe3 46. Rxe3 Qf4+ 0-1

[Event "Germain Laplante op"]
[Site "Chambly CAN"]
[Date "2023.04.30"]
[Round "4.3"]
[White "Dukic, Zachary"]
[Black "Turcotte, Jonathan"]
[Result "1-0"]
[WhiteElo "2350"]
[BlackElo "1963"]
[PlyCount "49"]
[EventDate "2023.04.28"]
[EventType "swiss"]
[EventRounds "5"]
[EventCountry "CAN"]

1. e4 c5 2. Nf3 Nc6 3. d4 cxd4 4. Nxd4 g6 5. Nc3 Bg7 6. Be3 Nf6 7. Bc4 O-O 8.
Bb3 Re8 9. f4 d6 10. Qf3 Na5 11. f5 Nxb3 12. axb3 Bd7 13. O-O Rf8 14. g4 h5 15.
h3 hxg4 16. hxg4 Bc6 17. Kg2 Qd7 18. Rh1 Rfc8 19. Raf1 e5 20. Nxc6 bxc6 21. g5
Nh7 22. f6 d5 23. fxg7 d4 24. Rxh7 Kxh7 25. Rh1+ 1-0

[Event "Germain Laplante op"]
[Site "Chambly CAN"]
[Date "2023.04.30"]
[Round "4.4"]
[White "Nunez-Painchaud, Raphael"]
[Black "Bain-Thouvarez, Aurelien"]
[Result "1-0"]
[WhiteElo "2225"]
[BlackElo "1769"]
[PlyCount "75"]
[EventDate "2023.04.28"]
[EventType "swiss"]
[EventRounds "5"]
[EventCountry "CAN"]

1. d4 d5 2. c4 e6 3. Nc3 Nf6 4. cxd5 exd5 5. Bg5 Be7 6. Qc2 O-O 7. e3 Be6 8.
Bd3 Nbd7 9. Nge2 h6 10. Bh4 Ne8 11. Bg3 Ndf6 12. f3 c5 13. O-O b6 14. Nf4 Bc8
15. Rad1 Bb7 16. dxc5 Bxc5 17. Bf2 Nc7 18. Rfe1 Kh8 19. Bc4 Qd6 20. a3 a5 21.
Ba2 Rfd8 22. Na4 Rac8 23. Nxc5 bxc5 24. Bb1 Ne6 25. Nh5 Nf8 26. Ng3 g6 27. e4
Qa6 28. exd5 Rxd5 29. Rxd5 Bxd5 30. Qc3 Kg8 31. Bd3 c4 32. Bc2 Re8 33. Bd4
Rxe1+ 34. Qxe1 N8d7 35. Qe7 Kh7 36. Ne4 Nxe4 37. Qxd7 Be6 38. Qd8 1-0

[Event "Germain Laplante op"]
[Site "Chambly CAN"]
[Date "2023.04.30"]
[Round "4.6"]
[White "Tsukerman, Julia"]
[Black "Adam, Rafael"]
[Result "0-1"]
[WhiteElo "1970"]
[BlackElo "2169"]
[PlyCount "146"]
[EventDate "2023.04.28"]
[EventType "swiss"]
[EventRounds "5"]
[EventCountry "CAN"]

1. e4 c6 2. d4 d5 3. exd5 cxd5 4. Bd3 Nc6 5. c3 Qc7 6. h3 e6 7. Nf3 Bd6 8. O-O
Nge7 9. Re1 Bd7 10. Qe2 Ng6 11. c4 dxc4 12. Bxc4 O-O 13. Nc3 Nb4 14. Bb3 a6 15.
a3 Nc6 16. Be3 Nce7 17. Rac1 Qb6 18. Ba2 Nf4 19. Qd2 Nfd5 20. Ne5 Bb5 21. Nxb5
Qxb5 22. Rc2 Rfd8 23. Nc4 Bc7 24. Qe2 Nf5 25. Rd1 Rac8 26. Rcd2 Bb8 27. Bg5 Rd7
28. Ne5 Qxe2 29. Rxe2 Rd6 30. Nc4 Rdc6 31. Ne3 Rc1 32. Rxc1 Rxc1+ 33. Nf1 Rc8
34. Bxd5 exd5 35. Be3 Ba7 36. Ng3 Nd6 37. Kf1 f6 38. Ke1 Kf7 39. Kd1 g6 40. Rc2
Rc4 41. Ne2 Nf5 42. Rxc4 dxc4 43. Kc2 b5 44. Kc3 Ne7 45. Nf4 g5 46. Ne2 Ke6 47.
Kc2 Bb8 48. Nc3 h6 49. Ne4 Bd6 50. Nd2 Kd5 51. Nb1 Bc7 52. Nc3+ Ke6 53. Ne4 Bd6
54. Nd2 f5 55. Nf3 Kd5 56. Kc3 f4 57. Bc1 Nf5 58. Bd2 Bc7 59. Kc2 Bb6 60. h4
Nxd4+ 61. Nxd4 Bxd4 62. hxg5 hxg5 63. f3 Ke6 64. b3 Kd5 65. Ba5 Bf6 66. a4 Be7
67. axb5 axb5 68. Bc7 cxb3+ 69. Kxb3 Kd4 70. g3 Ke3 71. gxf4 gxf4 72. Kc3 Kxf3
73. Kd4 b4 0-1

[Event "Germain Laplante op"]
[Site "Chambly CAN"]
[Date "2023.04.30"]
[Round "4.7"]
[White "Guillemette, Hugo"]
[Black "Kot, Emanuel"]
[Result "1/2-1/2"]
[WhiteElo "2082"]
[BlackElo "2059"]
[PlyCount "125"]
[EventDate "2023.04.28"]
[EventType "swiss"]
[EventRounds "5"]
[EventCountry "CAN"]

1. e4 c5 2. Nf3 d6 3. Bb5+ Nd7 4. d4 cxd4 5. Qxd4 a6 6. Bxd7+ Bxd7 7. O-O e5 8.
Qd3 h6 9. c4 b5 10. Na3 Qb8 11. cxb5 axb5 12. Bd2 Nf6 13. Bb4 Be7 14. Rac1 Ra4
15. Nc2 Bc6 16. Nd2 O-O 17. a3 Qb7 18. f3 Bd7 19. Ne3 Be6 20. Nb1 d5 21. Nc3
Rxb4 22. axb4 d4 23. Ncd5 Nxd5 24. Nxd5 Bxd5 25. exd5 Qxd5 26. Rfd1 Rd8 27. Rc7
Bd6 28. Ra7 Bxb4 29. Rc1 Bd6 30. Ra5 Rb8 31. Ra6 Bc5 32. Kh1 Qb7 33. Raa1 Bf8
34. Qf5 Re8 35. Rc2 g6 36. Qd3 Bd6 37. Rac1 Qd5 38. Rc8 Rxc8 39. Rxc8+ Kg7 40.
g4 Qb7 41. Rc1 Be7 42. Qe4 Qxe4 43. fxe4 f5 44. gxf5 gxf5 45. Rc7 Kf8 46. exf5
e4 47. Kg2 d3 48. Rd7 Bg5 49. Kf1 Bf6 50. Rd6 Bxb2 51. Re6 b4 52. Rxe4 Bc3 53.
Re3 b3 54. Rxd3 b2 55. Rd1 Kf7 56. Ke2 Be5 57. Kf3 Kf6 58. Ke4 Bxh2 59. Rh1 h5
60. Rb1 Be5 61. Rg1 Bg3 62. Rb1 Be5 63. Rg1 1/2-1/2

[Event "Germain Laplante op"]
[Site "Chambly CAN"]
[Date "2023.04.30"]
[Round "4.8"]
[White "Chapdelaine, Gwyn"]
[Black "Mok, Yuen Tak"]
[Result "1/2-1/2"]
[WhiteElo "1981"]
[BlackElo "2039"]
[PlyCount "41"]
[EventDate "2023.04.28"]
[EventType "swiss"]
[EventRounds "5"]
[EventCountry "CAN"]

1. d4 d5 2. Nf3 Nf6 3. c4 c6 4. g3 Bf5 5. Nc3 e6 6. Bg2 h6 7. O-O Be7 8. Re1
O-O 9. h3 Nbd7 10. g4 Bh7 11. cxd5 exd5 12. Ne5 Ne4 13. Nxe4 dxe4 14. Bf4 Nxe5
15. dxe5 Qxd1 16. Rexd1 Rfd8 17. Rac1 Rxd1+ 18. Rxd1 Rd8 19. Rxd8+ Bxd8 20. Be3
b6 21. f4 1/2-1/2

[Event "Germain Laplante op"]
[Site "Chambly CAN"]
[Date "2023.04.30"]
[Round "4.9"]
[White "Avarian, Sevag"]
[Black "Marcone, Malcom"]
[Result "0-1"]
[WhiteElo "1920"]
[BlackElo "1976"]
[PlyCount "137"]
[EventDate "2023.04.28"]
[EventType "swiss"]
[EventRounds "5"]
[EventCountry "CAN"]

1. e4 e6 2. d4 d5 3. Bd3 c5 4. exd5 exd5 5. dxc5 Bxc5 6. Nf3 Nf6 7. O-O O-O 8.
Nc3 h6 9. h3 Nc6 10. Bf4 Re8 11. Nb5 Re7 12. c3 a6 13. Nbd4 Bd7 14. Nb3 Bb6 15.
Bd6 Re8 16. Ba3 Ne4 17. Bc2 Bf5 18. Nfd4 Bg6 19. Bxe4 dxe4 20. Nxc6 bxc6 21.
Bc5 Rb8 22. Qxd8 Bxd8 23. Rad1 a5 24. Rd4 Rb5 25. Rfd1 Bc7 26. Rd7 Bf4 27. g3
a4 28. gxf4 axb3 29. Ba3 bxa2 30. Ra1 e3 31. fxe3 Bb1 32. Kf2 Rh5 33. Rd6 Rxh3
34. Rxc6 Rexe3 35. Rc4 Bd3 36. Rd4 Re2+ 37. Kg1 Rg3+ 38. Kf1 Rf3+ 39. Kg1 Bb1
40. c4 Kh7 41. c5 h5 42. f5 Rxf5 43. Rc4 g5 44. c6 Rd5 45. Rc1 Rc2 46. Rxc2
Bxc2 47. Rxa2 Rd1+ 48. Kf2 Bb3 49. c7 Rc1 50. Ra1 Rxc7 51. Re1 Kg6 52. Re3 Bd5
53. Re5 Bb7 54. Be7 f6 55. Re6 Kf7 56. Bd6 Rd7 57. Re3 Rxd6 58. Rc3 Ke6 59. b4
h4 60. Rc5 g4 61. Rc7 g3+ 62. Ke2 Ba6+ 63. Kf3 Ke5 64. Rh7 Rd3+ 65. Kg2 Rd2+
66. Kg1 Rd4 67. Ra7 Bd3 68. Ra5+ Kf4 69. Ra3 0-1

[Event "Germain Laplante op"]
[Site "Chambly CAN"]
[Date "2023.04.30"]
[Round "4.10"]
[White "Deboosere, Adam"]
[Black "Gauthier, Denis"]
[Result "1-0"]
[WhiteElo "1897"]
[BlackElo "1835"]
[PlyCount "51"]
[EventDate "2023.04.28"]
[EventType "swiss"]
[EventRounds "5"]
[EventCountry "CAN"]

1. d4 Nf6 2. Nf3 e6 3. c4 Bb4+ 4. Bd2 a5 5. a3 Bxd2+ 6. Nfxd2 b6 7. e4 d6 8.
Nc3 Bb7 9. Bd3 Nbd7 10. O-O e5 11. Nf3 O-O 12. Qe2 Re8 13. d5 a4 14. Bc2 Nc5
15. Qd1 Qd7 16. Re1 g6 17. Rc1 Rf8 18. Nd2 Nh5 19. Ndb1 Nf4 20. Nb5 f5 21. N1c3
Qf7 22. f3 Qe7 23. Qd2 Qg5 24. Kh1 Qe7 25. exf5 gxf5 26. Qxf4 1-0

[Event "Germain Laplante op"]
[Site "Chambly CAN"]
[Date "2023.04.30"]
[Round "4.11"]
[White "Rauch, Frank"]
[Black "Jiang, Barron Jiyu"]
[Result "0-1"]
[WhiteElo "1961"]
[BlackElo "1883"]
[PlyCount "116"]
[EventDate "2023.04.28"]
[EventType "swiss"]
[EventRounds "5"]
[EventCountry "CAN"]

1. d4 Nf6 2. c4 g6 3. Nc3 d5 4. Bg5 Ne4 5. Bh4 Nxc3 6. bxc3 dxc4 7. Qa4+ Nd7 8.
Qxc4 Nb6 9. Qb3 Bg7 10. e3 O-O 11. Bd3 c5 12. Ne2 Qc7 13. Qc2 e5 14. Bg3 f5 15.
dxc5 Qxc5 16. Qb3+ Kh8 17. Qb5 Qxb5 18. Bxb5 Rd8 19. Bh4 Rg8 20. a4 a6 21. Bd3
Be6 22. O-O h6 23. f3 g5 24. Bf2 Rgd8 25. Rfd1 Bc4 26. Bxc4 Nxc4 27. Kf1 Rac8
28. Ng3 f4 29. exf4 Nd2+ 30. Ke2 exf4 31. Ne4 Nxe4 32. fxe4 Rxd1 33. Rxd1 Rxc3
34. Rd8+ Kh7 35. Rd7 Rc4 36. a5 Rxe4+ 37. Kf3 Ra4 38. Rxb7 Kg6 39. Rb6+ Kf5 40.
Rxa6 g4+ 41. Ke2 Ra2+ 42. Kf1 Bc3 43. Rxh6 Rxa5 44. Rh5+ Ke4 45. Rh4 Kd3 46.
Rxg4 Ra1+ 47. Be1 Bxe1 48. g3 Bxg3+ 49. Kg2 Ra2+ 50. Kg1 Bxh2+ 51. Kh1 Bg3 52.
Rg8 Ke3 53. Rc8 Kf3 54. Rc3+ Kg4 55. Rc4 Kh3 56. Rc1 Rh2+ 57. Kg1 Bf2+ 58. Kf1
Rh1+ 0-1

[Event "Germain Laplante op"]
[Site "Chambly CAN"]
[Date "2023.04.30"]
[Round "5.3"]
[White "Adam, Rafael"]
[Black "Singher, Jean-Pierre"]
[Result "1-0"]
[WhiteElo "2169"]
[BlackElo "2022"]
[PlyCount "85"]
[EventDate "2023.04.28"]
[EventType "swiss"]
[EventRounds "5"]
[EventCountry "CAN"]

1. Nf3 d5 2. g3 Nf6 3. Bg2 c6 4. O-O e6 5. d3 Be7 6. Nbd2 b6 7. e4 Nbd7 8. e5
Ng4 9. Re1 Qc7 10. Qe2 h5 11. Nf1 a5 12. Bf4 Bc5 13. Ne3 Nxe3 14. fxe3 Nf8 15.
d4 Ba6 16. Qf2 Bb4 17. c3 Be7 18. e4 Ng6 19. h4 a4 20. Bg5 a3 21. b3 O-O 22.
Bh3 Bd3 23. Bxe7 Qxe7 24. exd5 cxd5 25. Qe3 Bb5 26. Ng5 Rfc8 27. Qf3 Nf8 28.
Re3 Be8 29. Kh2 Rc6 30. Qe2 Rac8 31. Rc1 Qc7 32. Bg2 b5 33. Nh3 Qa5 34. Qd2
R6c7 35. Nf4 b4 36. cxb4 Qb6 37. Rc5 Rb8 38. Nxh5 Ra7 39. Rec3 Qxb4 40. Qe3 Qb7
41. Qg5 Ng6 42. Nf6+ gxf6 43. exf6 1-0

[Event "Germain Laplante op"]
[Site "Chambly CAN"]
[Date "2023.04.30"]
[Round "5.5"]
[White "Marcone, Malcom"]
[Black "Guillemette, Hugo"]
[Result "0-1"]
[WhiteElo "1970"]
[BlackElo "2082"]
[PlyCount "62"]
[EventDate "2023.04.28"]
[EventType "swiss"]
[EventRounds "5"]
[EventCountry "CAN"]

1. d4 Nf6 2. c4 e6 3. Nc3 Bb4 4. f3 c5 5. d5 O-O 6. e4 d6 7. Bd3 b5 8. Nge2
Nbd7 9. a3 Ba5 10. b4 bxc4 11. Bxc4 Ne5 12. Bb3 cxb4 13. axb4 Bxb4 14. O-O Rb8
15. Be3 a5 16. dxe6 Bxe6 17. Nd5 Nxd5 18. Bxd5 Qe7 19. Nd4 Bc5 20. Bf2 Bxd5 21.
exd5 Qc7 22. f4 Nc4 23. f5 Ne5 24. f6 g6 25. Nc6 Nxc6 26. dxc6 Qxc6 27. Qd2
Bxf2+ 28. Rxf2 Kh8 29. h4 Qe4 30. Qh6 Rg8 31. Rxa5 Qe1+ 0-1

[Event "Germain Laplante op"]
[Site "Chambly CAN"]
[Date "2023.04.30"]
[Round "5.6"]
[White "Kot, Emanuel"]
[Black "Deboosere, Adam"]
[Result "1-0"]
[WhiteElo "2059"]
[BlackElo "1897"]
[PlyCount "146"]
[EventDate "2023.04.28"]
[EventType "swiss"]
[EventRounds "5"]
[EventCountry "CAN"]

1. e4 c6 2. d4 d5 3. Nc3 a6 4. Nf3 Bg4 5. Be2 e6 6. a3 Nf6 7. e5 Nfd7 8. Nd2
Bf5 9. f4 c5 10. Nf3 Nc6 11. Be3 cxd4 12. Nxd4 Nxd4 13. Bxd4 h5 14. O-O Bc5 15.
Bxc5 Nxc5 16. Qd4 Rc8 17. Rfc1 Bg4 18. Bd3 g6 19. Na4 Nd7 20. c4 dxc4 21. Bxc4
b5 22. Bb3 bxa4 23. Bxa4 Rc7 24. Kh1 Be2 25. Qd6 Rxc1+ 26. Rxc1 Bb5 27. Bxb5
axb5 28. Rc7 h4 29. Qc6 Ke7 30. Qd6+ Ke8 31. h3 Rh5 32. Qc6 Ke7 33. Ra7 Rh8 34.
Qd6+ Ke8 35. Qc6 Ke7 36. Qd6+ Ke8 37. Qc6 Ke7 38. b3 Rh5 39. Qd6+ Ke8 40. Qc6
Ke7 41. Ra8 Qb6 42. Qc8 Nxe5 43. Rb8 Qxb8 44. Qxb8 Nd7 45. Qa7 Rd5 46. a4 Rd1+
47. Kh2 bxa4 48. bxa4 Kf8 49. a5 Nf6 50. Qb8+ Kg7 51. Qb2 Rd5 52. Qa1 Rd7 53.
a6 Ra7 54. Kg1 Kg8 55. Qxf6 Rxa6 56. Qxh4 Rd6 57. Kh2 Rd1 58. Qf6 Rd3 59. g4
Ra3 60. h4 Ra2+ 61. Kh3 Ra3+ 62. Kg2 Ra2+ 63. Kf3 Ra3+ 64. Ke4 Ra4+ 65. Ke5
Ra5+ 66. Kd6 Ra6+ 67. Kc7 Ra5 68. Qd8+ Kg7 69. Qd4+ Kh7 70. Kd6 Rd5+ 71. Qxd5
exd5 72. Kxd5 f5 73. g5 Kg7 1-0

[Event "Germain Laplante op"]
[Site "Chambly CAN"]
[Date "2023.04.30"]
[Round "5.7"]
[White "Turcotte, Jonathan"]
[Black "Chapdelaine, Gwyn"]
[Result "1-0"]
[WhiteElo "1963"]
[BlackElo "1981"]
[PlyCount "95"]
[EventDate "2023.04.28"]
[EventType "swiss"]
[EventRounds "5"]
[EventCountry "CAN"]

1. d4 Nf6 2. c4 e6 3. Nf3 b6 4. g3 Bb7 5. Bg2 d6 6. O-O Be7 7. Re1 Nbd7 8. Qc2
O-O 9. e4 e5 10. Nc3 Re8 11. b3 Bf8 12. Bb2 g6 13. Rac1 c6 14. Rcd1 Qc7 15. a3
Rad8 16. b4 a5 17. Qb3 axb4 18. axb4 Rb8 19. b5 c5 20. dxe5 dxe5 21. Nd5 Nxd5
22. exd5 Bd6 23. Qc3 f6 24. Nd2 Re7 25. Ne4 Rbe8 26. Re2 f5 27. Nxd6 Qxd6 28.
Rde1 Rf8 29. f4 e4 30. Qh8+ Kf7 31. Qxh7+ Ke8 32. Qh6 Rff7 33. g4 Nf6 34. Qxg6
fxg4 35. Bxf6 Qxf6 36. Qxf6 Rxf6 37. Rxe4 Rxe4 38. Rxe4+ Kf7 39. Kf2 Bc8 40.
Kg3 Bf5 41. Re3 Rh6 42. Bf1 Kf6 43. Ra3 Rh7 44. Ra6 Rb7 45. Be2 Bc8 46. Ra8 Bf5
47. Rf8+ Kg6 48. Bxg4 1-0

[Event "Germain Laplante op"]
[Site "Chambly CAN"]
[Date "2023.04.30"]
[Round "5.8"]
[White "Bain-Thouvarez, Aurelien"]
[Black "Li, Yi Lin"]
[Result "1-0"]
[WhiteElo "1769"]
[BlackElo "2030"]
[PlyCount "59"]
[EventDate "2023.04.28"]
[EventType "swiss"]
[EventRounds "5"]
[EventCountry "CAN"]

1. Nf3 d5 2. g3 c5 3. Bg2 Nc6 4. d4 e6 5. O-O Nf6 6. c4 cxd4 7. Nxd4 Qb6 8. Nc2
dxc4 9. Nba3 Qa6 10. Bf4 Bd7 11. Bd6 Be7 12. e4 e5 13. Ne3 b5 14. Nd5 Nxd5 15.
exd5 Rd8 16. Bc7 Nd4 17. Bxd8 Bxa3 18. bxa3 Kxd8 19. f4 Nf5 20. fxe5 h5 21. Qf3
Rh6 22. d6 Qb6+ 23. Rf2 Qc5 24. Qa8+ Bc8 25. Bb7 g6 26. d7 Kxd7 27. Rd1+ Nd4
28. Rxd4+ Qxd4 29. Qxc8+ Ke7 30. Qc7+ 1-0